[Event "Wuerttemberg-ch Seniors 15th"]
[Site "Ellwangen"]
[Date "2003.04.19"]
[Round "9"]
[White "Peraus, Franz"]
[Black "Schwarz, Albrecht"]
[Result "0-1"]
[WhiteElo "1629"]
[BlackElo "1798"]
[PlyCount "64"]
[EventDate "2003.04.??"]
[EventType "swiss"]
[EventRounds "9"]
[EventCountry "GER"]
[SourceTitle "EXT 2006"]
[Source "ChessBase"]
[SourceDate "2005.11.24"]
[SourceVersion "1"]
[SourceVersionDate "2005.11.24"]
[SourceQuality "1"]

1. c4 Nf6 2. Nc3 g6 3. g3 Bg7 4. Bg2 0-0 5. e3 e5 6. Nge2 c6 7. 0-0 d5 8. cxd5 cxd5 9. d4 exd4 10. Nxd4 Nc6 11. Nxc6 bxc6 12. a3 Rb8 13. Qa4 Qb6 14. Qd4 Qb7 15. Qd2 Bf5 16. f3 Rbd8 17. g4 Be6 18. b4 h5 19. h3 hxg4 20. hxg4 d4 21. exd4 Nxg4 22. Ne2 Nh6 23. Bb2 Nf5 24. Rfd1 Bb3 25. Rdc1 Rfe8 26. f4 Bd5 27. Bxd5 Rxd5 28. Rc5 Qd7 29. Rac1 Nh4 30. R5c3 Qg4+ 31. Kf1 Qg2+ 32. Ke1 Qg1# 0-1

[Event "Wuerttemberg-ch Seniors 15th"]
[Site "Ellwangen"]
[Date "2003.04.12"]
[Round "2"]
[White "Kleinwaechter, Matthias"]
[Black "Peraus, Franz"]
[Result "1-0"]
[WhiteElo "1982"]
[BlackElo "1629"]
[PlyCount "113"]
[EventDate "2003.04.??"]
[EventType "swiss"]
[EventRounds "9"]
[EventCountry "GER"]
[SourceTitle "EXT 2006"]
[Source "ChessBase"]
[SourceDate "2005.11.24"]
[SourceVersion "1"]
[SourceVersionDate "2005.11.24"]
[SourceQuality "1"]

1. e4 c5 2. Nf3 Nc6 3. d4 cxd4 4. Nxd4 Nf6 5. Nc3 e6 6. g3 d6 7. Bg2 Be7 8. 0-0 0-0 9. Be3 e5 10. Nf5 Bxf5 11. exf5 h6 12. h3 Re8 13. g4 a6 14. Qd2 Qa5 15. Rad1 Rac8 16. Kh1 b5 17. Rg1 Kh7 18. Bd5 Nxd5 19. Nxd5 Qxd2 20. Rxd2 Bf8 21. g5 Ne7 22. Nxe7 Bxe7 23. f4 Rc4 24. fxe5 dxe5 25. g6+ fxg6 26. fxg6+ Kg8 27. c3 Bf6 28. Rd6 Ra8 29. Rgd1 b4 30. cxb4 Rxb4 31. b3 Rbb8 32. Bxh6 Rd8 33. Be3 Rxd6 34. Rxd6 Kf8 35. Kg2 Ke7 36. Rb6 Kd7 37. Kg3 Kc7 38. Kg4 a5 39. a4 Rh8 40. Kg3 Rd8 41. Rb5 Rd3 42. Kf2 Kc6 43. Rxa5 Rxb3 44. Ra6+ Kd5 45. Rb6 Rc3 46. Rb4 Ke6 47. a5 Ra3 48. Rb6+ Kf5 49. a6 Kxg6 50. a7 Rxa7 51. Rxf6+ Kxf6 52. Bxa7 Kf5 53. Kg3 e4 54. Bd4 g6 55. Be3 g5 56. Bd4 Kg6 57. Kg4 1-0

[Event "Wuerttemberg-ch Seniors 15th"]
[Site "Ellwangen"]
[Date "2003.04.11"]
[Round "1"]
[White "Peraus, Franz"]
[Black "Giering, Helmut"]
[Result "1/2-1/2"]
[WhiteElo "1629"]
[BlackElo "1733"]
[PlyCount "45"]
[EventDate "2003.04.??"]
[EventType "swiss"]
[EventRounds "9"]
[EventCountry "GER"]
[SourceTitle "EXT 2006"]
[Source "ChessBase"]
[SourceDate "2005.11.24"]
[SourceVersion "1"]
[SourceVersionDate "2005.11.24"]
[SourceQuality "1"]

1. e4 d5 2. exd5 Qxd5 3. Nc3 Qa5 4. Nf3 Nf6 5. Be2 c6 6. h3 Bf5 7. Nd4 Nbd7 8. 0-0 e6 9. d3 Bd6 10. Nxf5 Qxf5 11. Qd2 0-0-0 12. Qe3 Qa5 13. Bd2 Qb6 14. Na4 Qxe3 15. Bxe3 Kb8 16. a3 Nd5 17. Bd2 N7b6 18. Nc3 Be5 19. Rab1 Nxc3 20. bxc3 Na4 21. Rb3 Nc5 22. Rbb1 Ne4 23. Be1 1/2-1/2

[Event "Wuerttemberg-ch Seniors 14th"]
[Site "Ellwangen"]
[Date "2002.??.??"]
[Round "8"]
[White "Peraus, Franz"]
[Black "Bleher, Walter"]
[Result "0-1"]
[WhiteElo "1608"]
[BlackElo "1930"]
[PlyCount "88"]
[EventDate "2002.03.30"]
[EventType "swiss"]
[EventRounds "9"]
[EventCountry "GER"]
[SourceTitle "EXT 2006"]
[Source "ChessBase"]
[SourceDate "2005.11.24"]
[SourceVersion "1"]
[SourceVersionDate "2005.11.24"]
[SourceQuality "1"]

1. c4 Nf6 2. Nc3 d5 3. cxd5 Nxd5 4. e4 Nxc3 5. bxc3 g6 6. Bc4 Bg7 7. Ne2 c5 8. 0-0 Nc6 9. Bb2 0-0 10. d3 Ne5 11. Qb3 Nxc4 12. Qxc4 Qb6 13. Ba3 Be6 14. Qxc5 Qa6 15. Rad1 Rfc8 16. Qb4 b5 17. Qb2 Rc7 18. d4 Bc4 19. Rfe1 Rac8 20. h3 Qa4 21. Ra1 Bxe2 22. Rxe2 Rxc3 23. Bc5 R3xc5 24. e5 Rc2 25. Rxc2 Rxc2 26. Qb3 Qxb3 27. axb3 Rc7 28. f4 e6 29. Kf2 Bf8 30. Kf3 Bb4 31. Ke4 Rd7 32. Rd1 Kf8 33. g4 Ke7 34. h4 a5 35. f5 gxf5+ 36. gxf5 Rd5 37. fxe6 fxe6 38. Rg1 Kf7 39. Rf1+ Ke7 40. Rg1 Bc3 41. Rg7+ Kf8 42. Rxh7 Rxd4+ 43. Ke3 Rb4 44. Ra7 Rxh4 0-1

[Event "Wuerttemberg-ch Seniors 13th"]
[Site "Ellwangen"]
[Date "2001.??.??"]
[Round "1"]
[White "Peraus, Franz"]
[Black "Bierwisch, Bernhard"]
[Result "1/2-1/2"]
[WhiteElo "1547"]
[BlackElo "2089"]
[PlyCount "75"]
[EventDate "2001.04.??"]
[EventType "swiss"]
[EventRounds "9"]
[EventCountry "GER"]
[SourceTitle "EXT 2006"]
[Source "ChessBase"]
[SourceDate "2005.11.24"]
[SourceVersion "1"]
[SourceVersionDate "2005.11.24"]
[SourceQuality "1"]

1. e4 c5 2. Nf3 Nc6 3. d4 cxd4 4. Nxd4 Nf6 5. Nc3 d6 6. Be3 e5 7. Nb3 Be6 8. f3 d5 9. exd5 Nxd5 10. Nxd5 Qxd5 11. Qxd5 Bxd5 12. Bb5 a6 13. Bxc6+ Bxc6 14. 0-0 0-0-0 15. Bb6 Rd7 16. Rfd1 Be7 17. Rxd7 Bxd7 18. Rd1 Bd8 19. Bxd8 Rxd8 20. Nc5 Bc6 21. Rxd8+ Kxd8 22. Kf2 Ke7 23. Ke3 f5 24. g3 Kd6 25. Nd3 Bb5 26. Nf2 a5 27. h4 h6 28. Nd1 Bc6 29. Nc3 b5 30. a3 Kc5 31. b3 g5 32. hxg5 hxg5 33. f4 gxf4+ 34. gxf4 b4 35. axb4+ axb4 36. Ne2 exf4+ 37. Kxf4 Be4 38. c3 1/2-1/2